000 00442cam a22001337a 4500
008 180718b1985 xxu||||| |||| 00| 0 eng d
082 _aBA27x54 G959
100 _aGupta, S.K.
245 _aScheduled castes in modern Indian politics: their emergence as political power
_cby S.K. Gupta
260 _aNew Delhi
_bMunshiram Monoharlal
_c1985
300 _a355p.
650 _aIndia - Politics and government.
650 _aScheduled castes - India
999 _c379894
_d379894